000 00817nam a2200265Ia 4500
003 OSt
005 20220930094448.0
006 a|||||r|||| 00| 0
007 ta
008 220926b |||||||| |||| 00| 0 eng d
024 _a72016
037 _cTheses
040 _aCRL
_cCRL
_beng
041 _2eng
_aeng
100 _aBhatia Meenam Au.
_9555626
110 _aUniversity of Delhi. Facutly of Science. Department of Botany
_9554260
245 0 _aGametophyte development and reproductive biology of some homosporous ferns
260 _c2020
300 _a251p.
_ap.
_ccm.
650 _aBotany
700 _a Uniyal P L Gu.
_9550643
700 _aUniversity of Delhi. Facutly of Science. Department of Botany
_9554261
942 _cDIS
_2CC
999 _c887163
_d887163